Hacker and Moore's essentials of obstetrics and gynecology (Record no. 10340)
[ view plain ]
| 000 -LEADER | |
|---|---|
| fixed length control field | 00634nam a22001817a 4500 |
| 005 - DATE AND TIME OF LATEST TRANSACTION | |
| control field | 20240723120110.0 |
| 008 - FIXED-LENGTH DATA ELEMENTS--GENERAL INFORMATION | |
| fixed length control field | 240723b ||||| |||| 00| 0 eng d |
| 020 ## - INTERNATIONAL STANDARD BOOK NUMBER | |
| International Standard Book Number | 9780323340533 |
| 050 ## - LIBRARY OF CONGRESS CALL NUMBER | |
| Classification number | RG101.E87(6e) |
| 100 ## - MAIN ENTRY--PERSONAL NAME | |
| 9 (RLIN) | Hacker, Neville F. |
| 245 ## - TITLE STATEMENT | |
| Title | Hacker and Moore's essentials of obstetrics and gynecology |
| Statement of responsibility, etc. | Neville F. Hacker |
| 250 ## - EDITION STATEMENT | |
| Edition statement | 6th ed. |
| 260 ## - PUBLICATION, DISTRIBUTION, ETC. | |
| Place of publication, distribution, etc. | Philadelphia; |
| Date of publication, distribution, etc. | 2016 |
| 300 ## - PHYSICAL DESCRIPTION | |
| Extent | xii;497p., |
| Other physical details | ill. Col; |
| Dimensions | 26cm |
| 505 ## - FORMATTED CONTENTS NOTE | |
| Formatted contents note | Content: Introduction -- obstetrics -- gynecology -- reproductive endocrinology and infertility -- gynecologic oncology -- |
| 700 ## - ADDED ENTRY--PERSONAL NAME | |
| Personal name | Joseph C. Gambone |
| 9 (RLIN) | 2945 |
| 942 ## - ADDED ENTRY ELEMENTS (KOHA) | |
| Source of classification or shelving scheme | Library of Congress Classification |
| Koha item type | Books |
| Withdrawn status | Lost status | Source of classification or shelving scheme | Damaged status | Not for loan | Home library | Current library | Shelving location | Date acquired | Full call number | Barcode | Date last seen | Copy number | Price effective from | Koha item type | Total Checkouts |
|---|---|---|---|---|---|---|---|---|---|---|---|---|---|---|---|
| Library of Congress Classification | WISCONSIN INTERNATIONAL UNIVERSITY COLLEGE, GHANA - MAIN LIBRARY | WISCONSIN INTERNATIONAL UNIVERSITY COLLEGE, GHANA - MAIN LIBRARY | nursing | 23/07/2024 | RG101.E87(6e) | NURS/844/024/24 | 23/07/2024 | 1 | 23/07/2024 | Books | |||||
| Library of Congress Classification | WISCONSIN INTERNATIONAL UNIVERSITY COLLEGE, GHANA - MAIN LIBRARY | WISCONSIN INTERNATIONAL UNIVERSITY COLLEGE, GHANA - MAIN LIBRARY | nursing | 23/07/2024 | RG101.E871(6e) | NURS/845/025/24 | 23/07/2024 | 2 | 23/07/2024 | Books | |||||
| Library of Congress Classification | WISCONSIN INTERNATIONAL UNIVERSITY COLLEGE, GHANA - MAIN LIBRARY | WISCONSIN INTERNATIONAL UNIVERSITY COLLEGE, GHANA - MAIN LIBRARY | nursing | 23/07/2024 | RG101.E872(6e) | NURS/846/026/24 | 23/07/2024 | 3 | 23/07/2024 | Books | |||||
| Dewey Decimal Classification | WISCONSIN INTERNATIONAL UNIVERSITY COLLEGE, GHANA - MAIN LIBRARY | WISCONSIN INTERNATIONAL UNIVERSITY COLLEGE, GHANA - MAIN LIBRARY | 23/07/2024 | 23/07/2024 | 23/07/2024 | Books |
